01801nam a2200337 450000100060000000300100000600500170001600700030003300800410003602000180007704000350009504100080013004300120013808400060015010000310015624500800018725000230026726400490029030000540033933600290039333700330042233800280045552006650048352100680114865000480121665000320126465000480129665000420134465000340138670000430142059456CO-BoRNBP20251015205458.0ta250131s2024 ck a|||br|||| 00| j spa d a9786289661941 aCO-BoRNBPbspaerdacCO-BoRNBP0 aspa as-cl--- aC aBertrand, Sarad1970-eaut13aLa memoria del bosque /cSara Bertrand ; ilustraciones de Elizabeth Builes. aEdición especial 1aBogotá, Colombia :bCataplum Libros,c2024 a34 páginas sin numerar :bilustraciones a color atextobtxt2rdacontenido asin mediaciónbn2rdamedio avolumenbnc2rdasoporte aEste libro ilustrado narra dos historias. Una, la de una niña y su madre -una conversación, una mudanza, una llegada, un internarse en el bosque, un reconocer el lugar en el que se asentarán- y la otra historia que le narra la madre a su hija: una princesa que ha visto arder su aldea, una princesa que ha conocido de cerca el fuego y la violencia, una princesa que se esconde, se vuelve ovillo; pero es descubierta por otro -un gato- que le hace recordar, le pregunta, la cuestiona. Es un relato que se ve permeado por los diálogos entre la madre y la hija alrededor del relato que se narra, así es como hay una reflexión alrededor de lo narrado. aRecomendado para un público infantil a partir de los 6 años04aCuentos infantiles chilenosySiglo XX2LEMB07aLiteratura Fantastica2LEMB04aLiteratura infantil chilenaySiglo XX2LEMB07aMadres e hijas en la literatura2lemb07aMadres en la literatura2lemb aBuiles Carmona, Elizabeth,d1987-eill